| 000 | 00808nam a2200277 a 4500 | ||
|---|---|---|---|
| 001 | 61000 | ||
| 003 | BD-RjUL | ||
| 005 | 20211209080918.0 | ||
| 008 | 170105s1976 ii a b 000 0 eng d | ||
| 020 | _cRs15.00 | ||
| 035 | _a(BD-RjUL)61124 | ||
| 040 |
_aDLC _cDLC _dDLC _beng |
||
| 041 | _aeng | ||
| 082 | 0 | 0 |
_a398.2109593 _223 _bCHF 1976 |
| 100 | 2 |
_aRoy Choudhury, Pranab Chandra, _d1903- _9181921 |
|
| 245 | 1 | 0 |
_aFolk tales of Thailand / _cP. C. Roy Chaudhury. |
| 250 | _a1st ed. | ||
| 260 |
_aNew Delhi : _bSterling, _c1976. |
||
| 300 |
_a112 p. : _bill. ; _c22 cm. |
||
| 490 | 0 | _aFolk tales of the world ; 1 | |
| 504 | _aBibliography: p. [111]-112. | ||
| 650 | 0 |
_aTales _zThailand. _9181922 |
|
| 650 | 0 |
_aTales _zThailand _xHistory and criticism. _9181923 |
|
| 942 |
_2ddc _cBK |
||
| 999 |
_c61000 _d61000 |
||